01525 a2200169 45000010006000000050017000060080041000230030015000640400040000790800048001192450047001672500012002142640051002263000019002775051030002961000029013261385220260407155445.0260407a1963 arg spa dAR-UNSa-BCEJYS aAR-UNSa-BCEJYSbspacAR-UNSa-BCEJYS a347.7xDerecho Mercantil. Derecho Comercial10aDerecho comercial argentinopparte general a2a. ed. 1aBuenos Aires :bVíctor P. de Zavalíac1963 a514 p.c23 cm. aVol. 1: 1. Concepto, ubicación y métodos del derecho mercantil - 2. Fuentes del derecho mercantil - 3. Interpretación y aplicación de la ley mercantil - 4. La materia de comercio - 5. La materia de comercio (continuación) - 6. La materia de comercio (continuación) - 7. La materia de comercio (continuación) - 8. La materia de comercio (continuación) - 9. Las relaciones jurídicas mercantiles - 10. Los sujetos de las relaciones jurídicas mercantiles - 11. Obligaciones comunes a los comerciantes - 12. Obligaciones comunes a los comerciantes (continuación) - 13. Obligaciones comunes a los comerciantes (continuación) - 14. Derechos de los comerciantes. El patrimonio comercial y la limitación de la responsabilidad - 15. Bolsas y mercados de comercio - 16. Agentes auxiliares de comercio - 17. Teoría general de la representación - 18. Agentes auxiliares subordinados - 19. Agentes auxiliares autónomos - 20. Agentes auxiliares autónomos (continuación) - 21. La prescripción mercantil 1 aFontanarrosa, Rodolfo O.